Normal view
MARC view
Entry Personal Name
001 - CONTROL NUMBER
- control field: 37125
003 - CONTROL NUMBER IDENTIFIER
- control field: ARRUPE
005 - DATE AND TIME OF LATEST TRANSACTION
- control field: 20171016154707.0
008 - FIXED-LENGTH DATA ELEMENTS
- fixed length control field: 171016|| aca||aabn | a|a d
040 ## - CATALOGING SOURCE
- Original cataloging agency: ARRUPE
- Transcribing agency: ARRUPE
100 ## - HEADING--PERSONAL NAME
- Personal name: Lonergan, Bernard J.F. (Bernard Joseph Francis)
- Dates associated with a name: 1904-1984
670 ## - SOURCE DATA FOUND
- Source citation: Work cat.: (ARRUPE): Marsh, James L. 34260, Lonergan in thev world, 2014